Top 33 Most Water Stressed Countries in 2040 - Statistics

General Stats
  • This quiz has been taken 123 times
  • The average score is 25 of 32
Answer Stats
rank country % Correct
16 Yemen
95%
21 Iraq
94%
10 Oman
94%
1 Qatar
94%
13 Iran
93%
8 Israel
93%
1 United Arab Emirates
93%
9 Saudi Arabia
92%
1 Kuwait
91%
30 Algeria
90%
31 Afghanistan
89%
23 Pakistan
89%
1 Bahrain
88%
25 Syria
88%
27 Turkey
88%
15 Libya
87%
33 Tunisia
86%
29 Uzbekistan
85%
14 Jordan
84%
19 Morocco
84%
11 Lebanon
83%
26 Turkmenistan
83%
20 Kazakhstan
80%
12 Kyrgyzstan
77%
18 Azerbaijan
70%
22 Armenia
68%
28 Greece
53%
32 Spain
50%
24 Chile
45%
17 Macedonia
24%
1 Singapore
21%
1 San Marino
13%
No matching quizzes found
Score Distribution
Percent of People with Each Score
Percentile by Number Answered
Your Score History
You have not taken this quiz